[Event "ROM-chT2"]
[Site "Sovata"]
[Date "1997.??.??"]
[Round "2"]
[White "Nacu, Miron"]
[Black "Ilinca, Alexandru"]
[Result "1-0"]
[WhiteElo "1765"]
[BlackElo "2125"]
[PlyCount "61"]
[EventDate "1997.10.??"]
[EventType "team-tourn"]
[EventRounds "7"]
[EventCountry "ROU"]
[SourceTitle "EXT 2000"]
[Source "ChessBase"]
[SourceDate "1999.11.16"]
[SourceVersion "1"]
[SourceVersionDate "1999.11.16"]
[SourceQuality "1"]

1. d4 Nf6 2. c4 g6 3. Nc3 d5 4. Nf3 Bg7 5. e3 0-0 6. Be2 dxc4 7. Bxc4 c5 8. 0-0 e6 9. Qe2 Qc7 10. dxc5 Qxc5 11. e4 a6 12. Be3 Qc7 13. Rac1 Ng4 14. Bd2 Nc6 15. g3 b5 16. Bb3 Bb7 17. Bf4 Qb6 18. e5 g5 19. Nxg5 Ngxe5 20. Bxe5 Nxe5 21. Nce4 Rfe8 22. Rcd1 h6 23. Nf3 Nxf3+ 24. Qxf3 Qc6 25. Rfe1 Red8 26. Rc1 Qb6 27. Qg4 Qd4 28. Rc7 Bxe4 29. Rxe4 Qxb2 30. Rxf7 Kxf7 31. Qxe6+ 1-0